Catalog

Record Details

Catalog Search



Intelligence and Security Informatics International Workshop, WISI 2006, Singapore, April 9, 2006. Proceedings  Cover Image E-book E-book

Intelligence and Security Informatics [electronic resource] : International Workshop, WISI 2006, Singapore, April 9, 2006. Proceedings / edited by Hsinchun Chen, Fei-Yue Wang, Christopher C. Yang, Daniel Zeng, Michael Chau, Kuiyu Chang.

Chen, Hsinchun. (editor.). Wang, Fei-Yue. (editor.). Yang, Christopher C. (editor.). Zeng, Daniel. (editor.). Chau, Michael. (editor.). Chang, Kuiyu. (editor.). SpringerLink (Online service) (Added Author).

Electronic resources


LDR 02244nam a22005535i 4500
00117028
003CONS
00520131220070116.0
007cr nn 008mamaa
008100301s2006 gw | s |||| 0|eng d
020 . ‡a9783540333623 ‡9978-3-540-33362-3
0247 . ‡a10.1007/11734628 ‡2doi
035 . ‡a(DE-He213)978-3-540-33362-3
050 4. ‡aQA76.76.A65
072 7. ‡aUNH ‡2bicssc
072 7. ‡aUDBD ‡2bicssc
072 7. ‡aCOM032000 ‡2bisacsh
1001 . ‡aChen, Hsinchun. ‡eeditor.
24510. ‡aIntelligence and Security Informatics ‡h[electronic resource] : ‡bInternational Workshop, WISI 2006, Singapore, April 9, 2006. Proceedings / ‡cedited by Hsinchun Chen, Fei-Yue Wang, Christopher C. Yang, Daniel Zeng, Michael Chau, Kuiyu Chang.
264 1. ‡aBerlin, Heidelberg : ‡bSpringer Berlin Heidelberg, ‡c2006.
300 . ‡aXII, 186 p. Also available online. ‡bonline resource.
336 . ‡atext ‡btxt ‡2rdacontent
337 . ‡acomputer ‡bc ‡2rdamedia
338 . ‡aonline resource ‡bcr ‡2rdacarrier
347 . ‡atext file ‡bPDF ‡2rda
4901 . ‡aLecture Notes in Computer Science, ‡x0302-9743 ; ‡v3917
650 0. ‡aComputer science.
650 0. ‡aComputer Communication Networks.
650 0. ‡aInformation storage and retrieval systems.
650 0. ‡aInformation systems.
650 0. ‡aComputers ‡xLaw and legislation.
650 0. ‡aInformation Systems.
65014. ‡aComputer Science.
65024. ‡aInformation Systems Applications (incl.Internet).
65024. ‡aInformation Storage and Retrieval.
65024. ‡aComputer Communication Networks.
65024. ‡aComputers and Society.
65024. ‡aLegal Aspects of Computing.
65024. ‡aManagement of Computing and Information Systems.
7001 . ‡aWang, Fei-Yue. ‡eeditor.
7001 . ‡aYang, Christopher C. ‡eeditor.
7001 . ‡aZeng, Daniel. ‡eeditor.
7001 . ‡aChau, Michael. ‡eeditor.
7001 . ‡aChang, Kuiyu. ‡eeditor.
7102 . ‡aSpringerLink (Online service)
7730 . ‡tSpringer eBooks
77608. ‡iPrinted edition: ‡z9783540333616
830 0. ‡aLecture Notes in Computer Science, ‡x0302-9743 ; ‡v3917
85640. ‡uhttp://biblioteca.ipicyt.edu.mx:2048/login?url=http://dx.doi.org/10.1007/11734628 ‡yTexto completo ‡9CONS
950 . ‡aComputer Science (Springer-11645)
901 . ‡a17028 ‡b ‡c17028 ‡tbiblio ‡sSystem Local

Additional Resources